000 00378nam a2200169Ia 4500
005 20250603144552.0
008 250603s9999 xx 000 0 und d
020 _a9789756090367
050 _aLB 2342.86 .B55/
245 0 _aBilkent University
260 _aAnkara
260 _bBilkent University
260 _c2009
300 _a504 p
650 _aAnkara
942 _cBK
999 _c39307
_d39307